000 00597nam a2200205Ia 4500
003 GCL
008 140319s9999 xx 000 0 ara d
040 _aGCL /
_cGCL
082 0 4 _aق
_b301.0962
_bا ت
100 1 _aاحمد صادق سعد
245 1 0 _aتاريخ مصر الاجتماعى الاقتصادى /
_cاحمد صادق سعد
260 _a[S.N] :
_bدار بن خلدون
300 _a551 ص
490 _a
650 0 4 _aمصر
650 0 4 _aتاريخ
650 0 4 _aالاحوال الاجتماعية
650 0 4 _aالاحوال الاقتصادية
942 _2ddc
_cBK
999 _c52932
_d52932